000 00375nam a2200145Ia 4500
008 230711s9999||||xx |||||||||||||| ||und||
041 _aENG
082 _a621
_bDE-E
100 _aDeshpande,M.V
245 0 _aElements of electrical power station design
250 _a3rd
260 _c1986
_aAllahabad
_bWheeler & Corporative
650 _aElectrical Engineering
942 _cBK
999 _c1458
_d1458